000 01334cam a22003617a 4500
003 CHAP
005 20220329135357.0
008 971013s1964 au a r 00010 spa d
010 _a35332
011 _a36304
035 _a40423
040 _cCHAP
082 0 4 _a539.76
_bO7
110 2 _aOrganismo Internacional de Energía Atómica
_983512
245 1 0 _aActividades de los laboratorios del OIEA, 1964-
260 _aViena :
_bOIEA,
_c1964-
300 _av. :
_bilus.
490 0 _aColección de informes técnicos
500 _aLa biblioteca tiene: v.1, 1964 (en español) -- v.2, 1965 (en inglés) -- v.5, 1965 (en inglés)
590 _aBATCH-UPD
_b10
_c20130109
_lUCH01
_h2319
590 _aBATCH-UPD
_b10
_c20130110
_lUCH01
_h2122
590 _aBATCH-UPD
_b10
_c20130409
_lUCH01
_h1841
590 _aBATCH-UPD
_b10
_c20130410
_lUCH01
_h1432
590 _aBATCH-UPD
_b10
_c20130914
_lUCH01
_h1003
590 _aCONVERSION
_b10
_c20130109
_lUCH01
_h1320
650 1 4 _aEnergía atómica
_xInvestigación.
_936896
830 0 _aColección de informes técnicos
_924800
901 _aBK
942 _cLIBRO
949 _a539.76 O7 1964
_bBC
_cLIBRO
_d33724000444378
_eLIBRO
_h10025
_i40423
_sb
949 _a539.76 O7 1965
_bBC
_cLIBRO
_d-404231
_eLIBRO
_h10026
_i40423
_sb
949 _a539.76 O7 1968
_bBC
_cLIBRO
_d-404232
_eLIBRO
_h12431
_i40423
_sb
999 _c35332
_d35332